000 02329nam a2200505 c 4500
999 _c52405
_d52405
003 BLK
005 20250423132717.0
008 180408b bul|||||r ||||||| ||bul||
010 _aKNG00056329000
020 _a954-9548-98-8
040 _aBLK
041 _aBUL
_cBUL
_hDEU
_hENG
_hFRE
_hRUS
072 7 _2bullib
_aЯ
_xАвтографи
080 _aСпорт. Физическа култура
_b796/799
_x(497.215)(091)
_z796/799(497.215)(091)
080 _aСпорт. Физическа култура
_b796/799
_x(497.215)(092)
_z796/799(497.215)(092)
080 _aБиографии
_b929
_x(497.215)
_z929(497.215)
100 1 _aГанев, Богдан
_eпърви автор
_9284445
139 _aГанев, Богдан
_bГ 20
245 1 0 _aРусе - спортният град на България
_cБогдан Ганев; худож. Огнян Балканджиев.
257 _aBGR
260 _bАвангард принт
_c2005
300 _a220 с.
_bс портр., ил.
_c24 см
380 _a79
500 _aТекст и на англ., нем., рус., фр. ез. - Съдържа и Ретроспекция на русенския спорт през 2004 г. през погледа на спортния журналист от РТВЦ - Русе Александър Недков ; Русенски спортисти, носители на олимпийски, световни и европейски отличия. - Библиогр. с. 216-217.
650 4 _aСпорт - България
_9268611
650 4 _aРусе - спорт и физическа култура
_9284446
650 4 _aСпортисти, български - Русе
_9265945
651 4 _aРусе
_9179462
651 4 _aБългария
_9241624
653 _aРусе
653 _aрусенски спортисти
653 _aспорт
653 _aистория
659 _aК
659 _aЯ
700 _aБалканджиев, Огнян Георгиев
_9364857
852 _aЦб 225380
852 _aК 796/799/Г 20
856 4 _qpdf
856 4 _qpdf
942 _cKNG
_n0
_010
_s1
944 _aCR
_c02.11.2005
_lСилвия Димитрова
_k30538
944 _aED
_c04.03.2015
_lф /
_kПенка_Димитрова
999 _d52405